[Event "Padova op-A 1st"]
[Site "Padova"]
[Date "1998.12.19"]
[Round "4.29"]
[White "Ballarin, Gabriele"]
[Black "Palmieri, Vincenzo"]
[Result "1-0"]
[WhiteElo "1486"]
[BlackElo "1600"]
[PlyCount "115"]
[EventDate "1998.12.12"]
[EventType "swiss"]
[EventRounds "6"]
[EventCountry "ITA"]
[SourceTitle "EXT 2023"]
[Source "ChessBase"]
[SourceDate "2022.10.05"]
[SourceVersion "1"]
[SourceVersionDate "2022.10.05"]
[SourceQuality "1"]

1. e4 e5 2. Bc4 Nc6 3. Nf3 Bc5 4. Nc3 Nf6 5. d3 d6 6. Na4 Bb4+ 7. c3 Ba5 8. b4 Bb6 9. Nxb6 axb6 10. Qb3 0-0 11. Ng5 Qe7 12. f4 h6 13. Nf3 Bg4 14. 0-0 Nh5 15. f5 Bxf3 16. Rxf3 Qh4 17. Be3 Nf4 18. Bxf4 exf4 19. Raf1 Ne5 20. Rxf4 Ng4 21. h3 h5 22. hxg4 hxg4 23. Qd1 b5 24. Rxg4 Qh6 25. Bb3 Kh8 26. Rf3 Qf6 27. Rh3+ Kg8 28. Rgh4 g6 29. fxg6 Qxc3 30. Qh5 Kg7 31. gxf7 Qa1+ 32. Kh2 Qe5+ 33. Rg3+ Kf6 34. Qxe5+ dxe5 35. Rg8 Ke7 36. Rxf8 Rxf8 37. Rg4 b6 38. Rg8 c5 39. Bd5 c4 40. dxc4 bxc4 41. Bxc4 b5 42. Rxf8 Kxf8 43. Bd5 Ke7 44. g4 Kf8 45. g5 Kg7 46. Kh3 Kf8 47. Kh4 Kg7 48. Kh5 Kf8 49. Kh6 Ke7 50. g6 Kf8 51. g7+ Ke7 52. f8Q+ Kd7 53. Qf7+ Kd6 54. Qe6+ Kc7 55. a4 Kb8 56. g8Q+ Kc7 57. Qgf7+ Kb8 58. Qee8# 1-0

[Event "Padova Province-chT 58th"]
[Site "Padova"]
[Date "1998.01.18"]
[Round "6"]
[White "Palmieri, Vincenzo"]
[Black "Aguggiaro, Renzo"]
[Result "1-0"]
[WhiteElo "1300"]
[BlackElo "1516"]
[PlyCount "72"]
[EventDate "1998.01.10"]
[EventType "swiss"]
[EventRounds "6"]
[EventCountry "ITA"]
[SourceTitle "EXT 2022"]
[Source "ChessBase"]
[SourceDate "2021.10.06"]
[SourceVersion "1"]
[SourceVersionDate "2021.10.06"]
[SourceQuality "1"]

1. e4 c5 2. Nc3 Nc6 3. f4 d6 4. Nf3 Bg4 5. Bb5 e6 6. 0-0 Nge7 7. d3 a6 8. Ba4 b5 9. Bb3 Nd4 10. f5 Bxf3 11. gxf3 Nxb3 12. axb3 b4 13. fxe6 bxc3 14. exf7+ Kxf7 15. bxc3 g6 16. f4 Bg7 17. d4 Rf8 18. e5 Kg8 19. Qd3 dxe5 20. Qc4+ Qd5 21. fxe5 cxd4 22. cxd4 Kh8 23. Rxf8+ Rxf8 24. Qxd5 Nxd5 25. c4 Nb4 26. Ba3 Nc2 27. Bxf8 Nxa1 28. Bxg7+ Kxg7 29. b4 Nc2 30. d5 Nxb4 31. e6 Kf6 32. Kf2 a5 33. Ke3 a4 34. Kd4 a3 35. Kc5 Na6+ 36. Kd6 a2 1-0

[Event "Padova Province-chT 58th"]
[Site "Padova"]
[Date "1998.01.17"]
[Round "4"]
[White "Santi, Lorenzo"]
[Black "Palmieri, Vincenzo"]
[Result "1-0"]
[WhiteElo "1600"]
[BlackElo "1300"]
[PlyCount "89"]
[EventDate "1998.01.10"]
[EventType "swiss"]
[EventRounds "6"]
[EventCountry "ITA"]
[SourceTitle "EXT 2022"]
[Source "ChessBase"]
[SourceDate "2021.10.06"]
[SourceVersion "1"]
[SourceVersionDate "2021.10.06"]
[SourceQuality "1"]

1. e4 e5 2. Nf3 Nc6 3. Bc4 Bc5 4. d3 d6 5. Ng5 Nh6 6. 0-0 0-0 7. Nc3 Nd4 8. Be3 Ng4 9. Nf3 Nxf3+ 10. Qxf3 Nxh2 11. Kxh2 Qh4+ 12. Kg1 Bg4 13. g3 Qh5 14. Qh1 Bxe3 15. Qxh5 Bxf2+ 16. Rxf2 Bxh5 17. Raf1 c6 18. Nd1 b5 19. Bb3 a5 20. a3 Ra7 21. Ne3 Kh8 22. g4 Bg6 23. Nf5 Rd7 24. Nh4 d5 25. Nxg6+ hxg6 26. g5 Rd6 27. Rxf7 Rxf7 28. Rxf7 Kg8 29. Re7 Kf8 30. Rxe5 Kf7 31. exd5 cxd5 32. Rxd5 Ke7 33. Rxb5 Rd4 34. Rxa5 Rg4+ 35. Kf2 Rf4+ 36. Ke2 Rf5 37. Rxf5 gxf5 38. a4 Kd6 39. Ke3 Ke5 40. a5 f4+ 41. Kf3 Kf5 42. a6 Kxg5 43. a7 Kh4 44. a8Q g5 45. Qh8# 1-0